000
00302nam a22001217a 4500
008
170619b xxu||||| |||| 00| 0 eng d
041
_a
eng
080
_a
94(100)
100
_a
16
101
_a
SHH
245
_a
INTERNATIONAL RELATIONS BETWEEN THE TWO ROLD WARS, 1919-1939
_c
CARR,E.H
942
_2
udc
_c
BK
999
_c
18190
_d
18190